01196nam a22002897a 4500003000400000005001700004008004100021040002200062082001800084100002500102245003000127260006000157300002100217366000800238490002900246505006400275505017800339505001200517650005500529650004700584650004800631650004300679650004500722650005600767650004700823700003600870OSt20230621090521.0221006b |||||||| |||| 00| 0 eng d cBiblioteca Lado V a709.05bG851a aGriffin, Timeeditor aArtforum/bInternacional/ aNew Yorkc1994bNew York editorial and business offices c26.5x27cma112p. espa aFebrerov1994x0864-1315 tCOLUMNSaTelevision Film Music Real Life Rock Nightlife tFEATURESgGeneration E: British Rave Critical Reflections Body Bildung Untitled West of Righteous Into the Gap: Art Club 2000 Revenge of the Mouse Diva: Karen Kilimnik tREVIEWS 2Tesauro de Arte & ArquitecturaaARTE COMTEMPORANEO 2Tesauro de Arte & ArquitecturaaFOTOGRAFIA 2Tesauro de Arte & ArquitecturaaARTE VISUAL 2Tesauro de Arte & ArquitecturaaLIBROS 2Tesauro de Arte & ArquitecturaaNOTICIAS 2 Tesauro de Arte & ArquitecturaaARTE INTERNACIONAL 2 Tesauro de Arte & ArquitecturaaESCULTURA aNavarreta, Jose Antonioeeditor